000 00503nam a2200193Ia 4500
001 14953
003 GE_BSU
008 181216s||||||||xx |||||||||||||| ||und||
040 _cGE_BSU
080 _a514.11(072)
100 _aБолтянский,В.Г.
245 _aЭлементарная геометрия
260 _aМосква
260 _bПросвещение.
260 _c1985
300 _a318стр.22см.
653 _aЭлементарная геометрия
942 _cBK
999 _c48073
_d48073